| 000 | 00763nam a22002177a 4500 | ||
|---|---|---|---|
| 999 |
_c4598 _d4598 |
||
| 003 | AR-CdUCM | ||
| 008 | 190311b ||||| |||| 00| 0 spa d | ||
| 020 | _a84-7561-789-1 | ||
| 040 |
_aMUNICIPALIDAD PROVINCIAL DEL CUSCO _cBIBLIOTECA MUNICIPAL DEL CUSCO |
||
| 082 |
_a133.6 / _bP45 |
||
| 100 |
_aPerrier, Marc _914354 |
||
| 245 |
_aQuiromancia : _bEl porvenir en las manos / |
||
| 260 |
_aPeru : _bEditores dalmau socias, |
||
| 300 |
_a151 paginas ; _c21 cm |
||
| 505 | _aContenido :Mano conica o artÃstica -- Monte de saturno -- Monte de la luna -- Las lineas de las manos -- La linea del destino ... | ||
| 650 |
_aCiencia ocultas _914355 |
||
| 650 |
_aQuiromancia _914356 |
||
| 650 |
_aEl arte de las manos _914357 |
||
| 942 |
_2ddc _cLIBROS |
||
| 945 | _arum | ||